| 000 | 01069nam0a22003011 4500 | ||
|---|---|---|---|
| 001 | v19\rc\2069952 | ||
| 005 | 20251118181635.6 | ||
| 035 | _a(NLR Aleph) 005145238 | ||
| 090 |
_a4844868 _c4844868 |
||
| 100 | _a20081111d1913 u y0rusy50 ca | ||
| 101 | 0 | _arus | |
| 102 | _aRU | ||
| 105 | _ay z ||||| | ||
| 200 | 1 |
_aТаблица некоторых клинических исследований _e(Сост. по Sahli, Klemperer'у и др.) _fСост. д-р Г.К. Шавердов |
|
| 205 | _a2-е изд., испр. и доп. | ||
| 210 |
_aХарьков _cизд. студ.-мед. Х.У. [Харьк. ун-та] З.А. Малиновский _d1913 |
||
| 215 |
_a16 с. _d25 |
||
| 700 | 1 |
_aШавердов _bГ.К. _f1886- _gГригорий Константинович _4220 |
|
| 702 | 1 |
_aSahli _bH. _gHermann _4100 |
|
| 702 | 1 |
_aKlemperer _4100 |
|
| 801 | 0 |
_aRU _bNLR _gpsbo |
|
| 801 | 0 |
_aRU _bRuMoRGB _2psbo |
|
| 801 | 1 |
_aRU _bProSoft-M _2rusmarc |
|
| 852 |
_aNLR _j18.259.9.4 |
||
| 899 |
_aRuMoRGB _jV 97/48 |
||
| 899 | _aБАН | ||
| 942 | _cBOOK | ||
| 980 | _aNB | ||